Language Quiz

Random Language or Letter Quiz
Score 0/9 Timer 02:00
0 Plays Today
Clue Word % Correct
James Garfield's middle initialA
99.9%
Swedish supergroup that sang 'Waterloo' and 'Dancing Queen'ABBA
97.7%
Sound from a sheepBAA
97.6%
A famous 12-step program for drinkersAA
97%
Yes, in MoscowDA
92.3%
BlueSAD
84.9%
First word in the capital of EthiopiaADDIS
82.6%
Put into wordsSAID
79.9%
Second word in the capital of EthiopiaABABA
79.3%
Remove Ads.
Support Sporcle.
Get the best of Sporcle when you Go Orange. This ad-free experience offers more features, more stats, and more fun while also helping to support Sporcle. Thank you for becoming a member.

You're not logged in!

Compare scores with friends on all Sporcle quizzes.
OR
Log In

Show Comments

Extras

Top Quizzes Today


Score Distribution

Your Account Isn't Verified!

In order to create a playlist on Sporcle, you need to verify the email address you used during registration. Go to your Sporcle Settings to finish the process.

Report this User

Report this user for behavior that violates our Community Guidelines.

Details: